000 01317nam a2200241Ia 4500
999 _c56213
_d56213
001 23314
003 GE_BSU
005 20230621123549.0
008 181216s1971ge xx |||||||||||||| ||geo||
040 _cGE_BSU
041 _ageo
080 _a903.43(479.22) + 94(395.3) კ-36
100 _aკახიძე, ა.
_918864
245 _aსაქართველოს ზღვისპირეთის ანტიკური ხანის ქალაქები :
_bქობულეთ-ფიჭვნარი /
_c ა. კახიძე, რედ. ა. აფაქიძე, მხატვ. მ. თუშმალიშვილი
264 _aთბილისი :
_bმეცნიერება,
_c1971.
300 _a151 გვ. ;
_b 21 სმ.
520 _aრეზუმე რუს. ენ..
653 _aსაქართველოს ზღვისპირეთის ანტიკური ხანის ქალაქები : ქობულეთ-ფიჭვნარი
653 _aსაქართველოს ქალაქების ისტორი
700 _aაფაქიძე, ა
_eრედაქტორი
_918865
700 _aთუშმალიშვილი, მ
_eმხატვარი
_99077
942 _cBK
_2udc